| 000 | 00956nac a22002771u 4500 | ||
|---|---|---|---|
| 010 | _a2003048913 | ||
| 020 | _a044071373 | ||
| 020 | _a0443072051 (int. student ed.) | ||
| 035 | _a(DNLM)101174671 | ||
| 082 | 0 | 0 |
_a615.4 _bW768 |
| 090 |
_c1624 _d1624 |
||
| 100 | _a20080729 | ||
| 245 | 0 | 0 | _aPharmaceutical practice. |
| 250 |
_a3rd ed. / _bedited by A.J. Winfield, R.M.E. Richards. |
||
| 260 |
_aEdinburgh ; _aNew York : _bChurchill Livingstone, _c2004. |
||
| 300 |
_a573 p. : _c25 cm. _billus. ; |
||
| 504 | _aIncludes bibliographical references and index. | ||
| 650 | 0 | _aPharmacy. | |
| 650 | 0 | _aDrug Compounding. | |
| 650 | 0 | _aDosage Forms. | |
| 650 | 0 | _aPharmacy. | |
| 700 | 1 |
_aWinfield, A. J. _q(Arthur J.) |
|
| 700 | 1 | _aRichards, R. Michael E. | |
| 942 |
_cBB _k615.4W768 |
||
| 999 |
_c1624 _d1624 |
||